Introduction to physical education, fitness, and sport / (Record no. 53841)
[ view plain ]
| 000 -LEADER | |
|---|---|
| fixed length control field | 00483nam a2200169Ia 4500 |
| 005 - DATE AND TIME OF LATEST TRANSACTION | |
| control field | 20260430133744.0 |
| 008 - FIXED-LENGTH DATA ELEMENTS--GENERAL INFORMATION | |
| fixed length control field | 260429s9999||||xx |||||||||||||| ||und|| |
| 020 ## - INTERNATIONAL STANDARD BOOK NUMBER | |
| International Standard Book Number | 9781492594536 |
| 082 ## - DEWEY DECIMAL CLASSIFICATION NUMBER | |
| Classification number | 613.7 |
| Item number | SIE |
| 100 ## - MAIN ENTRY--PERSONAL NAME | |
| Personal name | Siedentop, Daryl |
| 245 #0 - TITLE STATEMENT | |
| Title | Introduction to physical education, fitness, and sport / |
| Statement of responsibility, etc | Daryl Siedentop |
| 250 ## - EDITION STATEMENT | |
| Edition statement | 9th ed. |
| 260 ## - PUBLICATION, DISTRIBUTION, ETC. (IMPRINT) | |
| Place of publication, distribution, etc | Champaign : |
| Name of publisher, distributor, etc | Human Kinetics, |
| Date of publication, distribution, etc | 2021. |
| 300 ## - PHYSICAL DESCRIPTION | |
| Extent | xvi, 526 p.; pbk |
| 700 ## - ADDED ENTRY--PERSONAL NAME | |
| Personal name | Mars, Hans Van Der |
| 942 ## - ADDED ENTRY ELEMENTS (KOHA) | |
| Koha item type | Coaching cell/ UGC NET Cell |
| Withdrawn status | Lost status | Damaged status | Not for loan | Home library | Location | Shelving location | Date of Cataloging | Source of acquisition | Total Checkouts | Full call number | Barcode | Date last seen | Price effective from | Koha item type |
|---|---|---|---|---|---|---|---|---|---|---|---|---|---|---|
| CUTN Central Library | CUTN Central Library | Medicine, Technology & Management | 30/04/2026 | UGC NET cell books | 613.7 SIE | 55486 | 30/04/2026 | 30/04/2026 | Coaching cell/ UGC NET Cell |
